00641nam a2200217Ia 4500003000900000008004100009040001300050040001300063041000800076100002100084245003100105250001200136260002100148260000900169300000800178490000700186490000600193942000700199999001700206952020000223IT-RoPAU120407s9999 xx 000 0 und d aIT-RoPAU cIT-RoPAU aita aRené Laurentin aLa SS. Vergine e la Messa. aCatania aEdizioni Paoline c1955 c cm aSm v1 cBK c23895d23895 00102ddc406243_800000000000000_8271aPAULUSbPAULUSd2012-04-11l0o243.8.82r2012-04-11 00:00:00w2012-04-11yBKzInserito da: Jole In data: 30 luglio 2011 fondo: Via A.Severo 56 Progr:21923